Normal view
MARC view
- London Assembly
Entry Corporate Name
001 - CONTROL NUMBER
- control field: 5959
003 - CONTROL NUMBER IDENTIFIER
- control field: OSt
005 - DATE AND TIME OF LATEST TRANSACTION
- control field: 20190806150248.0
008 - FIXED-LENGTH DATA ELEMENTS
- fixed length control field: 110708n| acannaabn |n ana d
040 ## - CATALOGING SOURCE
- Original cataloging agency: OSt
- Transcribing agency: OSt
110 2# - HEADING--CORPORATE NAME
- Corporate name or jurisdiction name as entry element: London Assembly
- Subordinate unit: Planning and Housing Committee
670 ## - SOURCE DATA FOUND
- Source citation: Implications of the affordable rent model in London, 2011